Top 25 Countries by Population - Statistics

General Stats
  • This quiz has been taken 93 times
  • The average score is 22 of 25
Answer Stats
Population Country % Correct
1,388,440,000 China
100%
326,389,000 United States of America
100%
67,182,000 France
99%
82,800,000 Germany
99%
1,326,070,000 India
99%
123,675,351 Mexico
99%
208,477,000 Brazil
97%
126,700,000 Japan
95%
210,124,000 Pakistan
95%
146,867,905 Russia
95%
65,648,000 United Kingdom
95%
261,890,900 Indonesia
94%
96,280,400 Egypt
92%
79,814,871 Turkey
92%
193,392,500 Nigeria
91%
163,759,000 Bangladesh
88%
105,115,000 Philippines
88%
56,717,000 South Africa
88%
60,501,718 Italy
87%
93,700,000 Vietnam
87%
81,093,900 Iran
84%
66,061,000 Thailand
84%
94,352,000 Ethiopia
81%
53,370,609 Myanmar
62%
81,339,900 Democratic Republic of the Congo
56%
No matching quizzes found
Score Distribution
Percent of People with Each Score
Percentile by Number Answered
Your Score History
You have not taken this quiz